02344nam a2200385 i 4500001001000000003000900010005001700019007000300036008004100039040003000080041000800110082002200118100006400140245006100204264007200265300002800337336002700365337003300392338002800425500005400453504007300507504003700580590002600617650004900643910003800692942001400730952021300744952018000957952017501137952014801312952014801460952014201608952019301750999001501943000007809DO-SdBNP20260202094623.0ta090907s1956 dr r 001 0 spa d aDO-SdBNPbspacBNPHUerda aspa 4a929.4bR696s 2221 aRodríguez Demorizi, Emilio,d1908-198691039eautor4aut.10aSeudónimos dominicanos /cEmilio Rodríguez Demorizi. 4aCiudad Trujillo, República Dominicana :bEditora Montalvo,c1956. a280 páginas ;c26 cm. atextobtxt2rdacontent asin mediaciónbn2rdamedia avolumenbnc2rdacarrier aIncluye índices de personas, lugares y materias aIncluye referencias bibliográficas y notas al pie de las páginas aBibliografía : páginas 47-51 aInventariado, 2019/BT 4aAnónimos y seudónimos dominicanos920538 aValidado. Control de calidad /MAA 2ddccLBS1 00102ddc56708R-RVaBNPHUbBNPHUcHDd2010-12-06l0oBNPHU R-RV 929.4 R696sp7809-30r2020-06-25te.3w2020-06-25yLBS1zPerteneció a la biblioteca personal de la familia Reyes Duluc.ZPréstamo en sala 00102ddc56708PD-RVaBNPHUbBNPHUcHDd2011-05-31eDonado por Máximo Vásquez l0oBNPHU R-RV 929.4 R696sp7809-40r2020-06-25te.4w2020-06-25yLBS1ZPréstamo en sala 00102ddc56708PD-RVaBNPHUbBNPHUcHDd2011-05-31eDonado por Centro León l0oBNPHU R-RV 929.4 R696sp7809-50r2020-06-25te.5w2020-06-25yLBS1ZPréstamo en sala 00102ddc56708PD-RVaBNPHUbBNPHUcHDd2013-04-16l0oBNPHU R-RV 929.4 R696sp7809-60r2020-06-25te.6w2020-06-25yLBS1ZPréstamo en sala 00102ddc56708PD-RVaBNPHUbBNPHUcHDd2013-04-16l0oBNPHU R-RV 929.4 R696sp7809-70r2020-06-25te.7w2020-06-25yLBS1ZPréstamo en sala 00102ddc51708PD-RVaBNPHUbBNPHUcHDd2010-03-17l0oBNPHU R-RV 929.4 R696sp7809-20r2020-06-25te.2w2020-06-25yLBS1ZNo se presta 00102ddc51708RVaBNPHUbBNPHUcHDd2009-09-11l0oBNPHU R-RV 929.4 R696sp7809-10r2020-06-25w2020-06-25yLBS1zPerteneció a la biblioteca personal de Martínez Boog.ZNo se presta c7587d7587